Abdomen Assessment - Statistics

General Stats
  • This quiz has been taken 4 times
  • The average score is 4 of 40
Answer Stats
Hint Answer % Correct
RUQ Liver
100%
LUQ Stomach
100%
Gallbladder
67%
Spleen
67%
Duodenum
33%
Percuss Abdomen
0%
Midline Aorta
0%
Auscultate Aorta (Center)
0%
Appendix
0%
bladder if distended
0%
Body of pancreas
0%
RLQ Cecum
0%
Costovertebral angle tenderness
0%
deep palpation
0%
Femoral artery (both)
0%
Fluid wave test
0%
Head of pancreas
0%
Hepatic flexure of the colon
0%
Iliac artery (both)
0%
iliopsoas test
0%
Left kidney and adrenal
0%
Left lobe of the liver
0%
left ovary and tube
0%
left spermatic cord
0%
left ureter
0%
Palpate Light palpation
0%
obturator test
0%
Part of descending and transverse colon
0%
LLQ part of descending colon
0%
part of the ascending and transverse colon
0%
Rebound test
0%
Renal Artery (both)
0%
Right kidney and adrenal
0%
Right ovary and tube
0%
right spermatic cord
0%
right ureter
0%
Shifting dullness test
0%
sigmoid colon
0%
Splenic flexure of the colon
0%
Uterus if enlarged
0%
No matching quizzes found
Score Distribution
Percent of People with Each Score
Percentile by Number Answered
Your Score History
You have not taken this quiz